Carregant...
Nietzsche- 2 vol. in 1
| Autor principal: | |
|---|---|
| Altres autors: | |
| Format: | Printed Book |
| Publicat: |
Harper
SanFrancisco
1991
|
| Matèries: |
| LEADER | 00511nam a22001457a 4500 | ||
|---|---|---|---|
| 020 | |a 0060638419 | ||
| 082 | |a 193 |b HEI.N | ||
| 100 | |a Martin Heidegger | ||
| 245 | |a Nietzsche- 2 vol. in 1 | ||
| 260 | |a Harper |b SanFrancisco |c 1991 | ||
| 650 | |a v1- The will to power as art |a v2- The eternal recurrance of the same | ||
| 700 | |a Tr. by David Farrel Krell | ||
| 942 | |c BK | ||
| 999 | |c 7478 |d 7478 | ||
| 952 | |0 0 |1 0 |4 0 |6 193_000000000000000_HEI_N |7 0 |8 NFIC |9 9282 |a CAMPUS |b CAMPUS |d 2016-02-12 |l 0 |o 193 HEI.N |p 09576 |r 2016-02-12 |w 2019-07-15 |y BK | ||